[Event "IMP Mezczyzn do lat 20"]
[Site "Chotowa"]
[Date "2023.10.31"]
[Round "7.17"]
[White "Haladaj, Adam"]
[Black "Mocko, Maciej"]
[Result "1/2-1/2"]
[BlackElo "1862"]
[WhiteElo "1611"]
[LiveChessVersion "1.4.8"]

1. e4 {[%clk 1:30:58]} c5 {[%clk 1:28:14]} 2. Nf3 {[%clk 1:31:20]} Nc6
{[%clk 1:28:39]} 3. d4 {[%clk 1:31:46]} cxd4 {[%clk 1:29:04]} 4. Nxd4
{[%clk 1:32:13]} Nf6 {[%clk 1:29:31]} 5. Nc3 {[%clk 1:32:34]} e5 {[%clk 1:30:00]}
6. Ndb5 {[%clk 1:32:58]} d6 {[%clk 1:30:26]} 7. Nd5 {[%clk 1:33:22]} Nxd5
{[%clk 1:30:52]} 8. exd5 {[%clk 1:33:44]} Nb8 {[%clk 1:30:38]} 9. c4
{[%clk 1:34:10]} Be7 {[%clk 1:31:03]} 10. Be2 {[%clk 1:32:28]} O-O
{[%clk 1:31:28]} 11. O-O {[%clk 1:32:52]} Nd7 {[%clk 1:30:48]} 12. Be3
{[%clk 1:30:38]} a6 {[%clk 1:31:13]} 13. Nc3 {[%clk 1:31:01]} f5 {[%clk 1:31:36]}
14. f3 {[%clk 1:24:17]} Bg5 {[%clk 1:28:47]} 15. Bf2 {[%clk 1:20:01]} Qf6
{[%clk 1:25:46]} 16. Qc2 {[%clk 1:15:54]} Qh6 {[%clk 1:25:10]} 17. Bd3
{[%clk 1:00:54]} Nc5 {[%clk 1:24:04]} 18. b4 {[%clk 0:59:35]} Nxd3
{[%clk 1:24:29]} 19. Qxd3 {[%clk 1:00:00]} Bd7 {[%clk 1:23:51]} 20. c5
{[%clk 0:56:13]} Be7 {[%clk 1:20:23]} 21. c6 {[%clk 0:42:04]} bxc6
{[%clk 1:20:33]} 22. dxc6 {[%clk 0:42:30]} Bxc6 {[%clk 1:20:42]} 23. Qc4+
{[%clk 0:42:56]} d5 {[%clk 1:21:08]} 24. Nxd5 {[%clk 0:43:18]} Bxd5
{[%clk 1:21:15]} 25. Qxd5+ {[%clk 0:43:36]} Kh8 {[%clk 1:21:34]} 26. Rab1
{[%clk 0:41:57]} Rad8 {[%clk 1:15:58]} 27. Qc4 {[%clk 0:36:25]} Rc8
{[%clk 1:13:08]} 28. Qe2 {[%clk 0:33:07]} Rfd8 {[%clk 1:07:50]} 29. Rfd1
{[%clk 0:32:22]} Rxd1+ {[%clk 1:07:23]} 30. Rxd1 {[%clk 0:32:43]} Rc1
{[%clk 1:06:52]} 31. a3 {[%clk 0:31:50]} Kg8 {[%clk 1:04:24]} 32. Qd3
{[%clk 0:28:48]} Rxd1+ {[%clk 0:58:36]} 33. Qxd1 {[%clk 0:29:11]} Qd6
{[%clk 0:56:57]} 34. Qc2 {[%clk 0:28:31]} Qe6 {[%clk 0:47:22]} 35. h3
{[%clk 0:20:07]} h6 {[%clk 0:44:56]} 36. Be3 {[%clk 0:16:45]} e4 {[%clk 0:30:41]}
37. f4 {[%clk 0:12:47]} Kh7 {[%clk 0:29:47]} 38. Kf2 {[%clk 0:12:13]} Qd7
{[%clk 0:18:17]} 39. Qb3 {[%clk 0:06:35]} Qb5 {[%clk 0:11:55]} 40. Qc2
{[%clk 0:35:38]} Kg6 {[%clk 0:34:29]} 41. Bc5 {[%clk 0:34:34]} Bxc5+
{[%clk 0:29:47]} 42. bxc5 {[%clk 0:34:54]} Qc6 {[%clk 0:30:03]} 43. Ke3
{[%clk 0:34:33]} Kf7 {[%clk 0:29:37]} 44. Qc4+ {[%clk 0:34:57]} Qe6
{[%clk 0:28:42]} 45. Qc3 {[%clk 0:32:07]} Qc6 {[%clk 0:29:02]} 46. Qc4+
{[%clk 0:32:32]} Kf8 {[%clk 0:25:05]} 47. Qc3 {[%clk 0:28:24]} g6
{[%clk 0:21:30]} 48. Qh8+ {[%clk 0:24:01]} Ke7 {[%clk 0:21:48]} 49. Qg7+
{[%clk 0:22:36]} Kd8 {[%clk 0:21:48]} 50. Qf8+ {[%clk 0:22:37]} Kc7
{[%clk 0:21:11]} 51. Qg7+ {[%clk 0:21:24]} Qd7 {[%clk 0:19:09]} 52. Qc3
{[%clk 0:16:56]} Kc6 {[%clk 0:18:44]} 53. Qc4 {[%clk 0:16:21]} Qd3+
{[%clk 0:16:56]} 54. Qxd3 {[%clk 0:16:34]} exd3 {[%clk 0:17:25]} 55. Kxd3
{[%clk 0:16:50]} Kxc5 {[%clk 0:17:54]} 56. Kc3 {[%clk 0:16:34]} a5
{[%clk 0:16:39]} 57. a4 {[%clk 0:17:00]} Kd5 {[%clk 0:15:07]} 58. Kd3
{[%clk 0:17:22]} Kc5 {[%clk 0:13:39]} 59. Kc3 {[%clk 0:17:43]} g5
{[%clk 0:05:57]} 60. fxg5 {[%clk 0:18:04]} hxg5 {[%clk 0:06:27]} 61. g3
{[%clk 0:18:17]} g4 {[%clk 0:06:50]} 62. h4 {[%clk 0:18:41]} f4 {[%clk 0:07:19]}
63. Kd3 {[%clk 0:19:02]} fxg3 {[%clk 0:07:23]} 64. Ke2 {[%clk 0:19:28]} Kd4
{[%clk 0:07:43]} 65. Kf1 {[%clk 0:19:48]} Ke4 {[%clk 0:08:06]} 66. Kg2
{[%clk 0:19:03]} Kf4 {[%clk 0:08:32]} 67. h5 {[%clk 0:19:30]} Kg5
{[%clk 0:08:59]} 68. Kxg3 {[%clk 0:19:25]} Kxh5 {[%clk 0:09:25]} 69. Kg2
{[%clk 0:19:13]} Kg5 {[%clk 0:09:52]} 70. Kg3 {[%clk 0:19:30]} Kf5
{[%clk 0:10:19]} 71. Kg2 {[%clk 0:19:29]} Kf4 {[%clk 0:10:46]} 72. Kf2
{[%clk 0:19:46]} Ke4 {[%clk 0:11:10]} 73. Kg3 {[%clk 0:20:11]} Kd4
{[%clk 0:11:33]} 74. Kxg4 {[%clk 0:20:37]} Kc4 {[%clk 0:12:02]} 75. Kf3
{[%clk 0:21:00]} Kb3 {[%clk 0:12:30]} 76. Ke2 {[%clk 0:21:15]} Kxa4
{[%clk 0:12:57]} 77. Kd1 {[%clk 0:21:21]} Kb3 {[%clk 0:13:21]} 78. Kc1
{[%clk 0:21:46]} Ka2 {[%clk 0:13:46]} 79. Kc2 {[%clk 0:22:12]} a4
{[%clk 0:14:10]} 80. Kc1 {[%clk 0:22:37]} a3 {[%clk 0:14:35]} 81. Kc2
{[%clk 0:23:01]} 1/2-1/2

[Event "IMP Mezczyzn do lat 20"]
[Site "Chotowa"]
[Date "2023.10.31"]
[Round "7.18"]
[White "Karas, Kacper"]
[Black "Boryna, Szymon"]
[Result "1/2-1/2"]
[BlackElo "1463"]
[WhiteElo "1445"]
[LiveChessVersion "1.4.8"]

1. d4 {[%clk 1:28:06]} d5 {[%clk 1:30:39]} 2. c4 {[%clk 1:26:52]} e6
{[%clk 1:31:04]} 3. Nf3 {[%clk 1:27:13]} Nf6 {[%clk 1:31:21]} 4. g3
{[%clk 1:27:32]} dxc4 {[%clk 1:31:26]} 5. Bg2 {[%clk 1:27:27]} c5
{[%clk 1:31:40]} 6. O-O {[%clk 1:26:52]} Nc6 {[%clk 1:30:05]} 7. Qa4
{[%clk 1:19:14]} Bd7 {[%clk 1:23:53]} 8. Qxc4 {[%clk 1:18:05]} cxd4
{[%clk 1:13:52]} 9. Nxd4 {[%clk 1:13:30]} Rc8 {[%clk 1:08:58]} 10. Nxc6
{[%clk 1:06:29]} Bxc6 {[%clk 1:08:00]} 11. Bxc6+ {[%clk 1:06:14]} Rxc6
{[%clk 1:08:12]} 12. Qa4 {[%clk 1:06:10]} Bc5 {[%clk 1:04:10]} 13. Bg5
{[%clk 0:45:52]} O-O {[%clk 1:00:35]} 14. Nc3 {[%clk 0:44:02]} h6
{[%clk 0:53:35]} 15. Rad1 {[%clk 0:33:39]} Qe7 {[%clk 0:46:50]} 16. Bxf6
{[%clk 0:32:54]} Qxf6 {[%clk 0:36:35]} 17. Ne4 {[%clk 0:32:28]} Qxb2
{[%clk 0:34:32]} 18. Nxc5 {[%clk 0:32:10]} Rxc5 {[%clk 0:33:49]} 19. Qxa7
{[%clk 0:24:09]} Rc2 {[%clk 0:31:01]} 20. e3 {[%clk 0:23:52]} Qxa2
{[%clk 0:27:56]} 21. Qxb7 {[%clk 0:23:58]} Rd2 {[%clk 0:23:36]} 22. Rxd2
{[%clk 0:17:03]} Qxd2 {[%clk 0:23:35]} 23. Ra1 {[%clk 0:16:46]} Rd8
{[%clk 0:21:54]} 24. Ra8 {[%clk 0:15:53]} Qd1+ {[%clk 0:21:40]} 25. Kg2
{[%clk 0:16:08]} Rxa8 {[%clk 0:21:55]} 26. Qxa8+ {[%clk 0:16:34]} Kh7
{[%clk 0:22:16]} 27. Qe4+ {[%clk 0:16:32]} Kg8 {[%clk 0:22:19]} 28. Qa8+
{[%clk 0:16:57]} Kh7 {[%clk 0:22:34]} 29. Qe4+ {[%clk 0:09:00]} Kg8
{[%clk 0:22:54]} 30. Qb7 {[%clk 0:09:09]} Qd3 {[%clk 0:20:44]} 31. h3
{[%clk 0:06:18]} Qc2 {[%clk 0:19:29]} 32. Qa8+ {[%clk 0:06:09]} Kh7
{[%clk 0:19:53]} 33. Qb7 {[%clk 0:06:32]} 1/2-1/2

[Event "IMP Mezczyzn do lat 20"]
[Site "Chotowa"]
[Date "2023.10.31"]
[Round "8.1"]
[White "Turski, Bartlomiej"]
[Black "Czernek, Tymon"]
[Result "0-1"]
[BlackElo "2329"]
[WhiteElo "2334"]
[LiveChessVersion "1.4.8"]

1. e4 {[%clk 1:30:25]} c5 {[%clk 1:30:51]} 2. Nf3 {[%clk 1:30:50]} d6
{[%clk 1:31:17]} 3. d4 {[%clk 1:31:14]} cxd4 {[%clk 1:31:44]} 4. Nxd4
{[%clk 1:31:40]} Nf6 {[%clk 1:32:11]} 5. Nc3 {[%clk 1:32:05]} a6 {[%clk 1:32:39]}
6. h3 {[%clk 1:32:30]} e5 {[%clk 1:33:01]} 7. Nb3 {[%clk 1:32:55]} Be6
{[%clk 1:32:42]} 8. f4 {[%clk 1:33:18]} b5 {[%clk 1:20:09]} 9. fxe5
{[%clk 1:33:34]} dxe5 {[%clk 1:20:33]} 10. Qxd8+ {[%clk 1:34:01]} Kxd8
{[%clk 1:20:57]} 11. Bg5 {[%clk 1:34:22]} Nbd7 {[%clk 1:20:38]} 12. a4
{[%clk 1:34:37]} b4 {[%clk 1:20:10]} 13. Nd5 {[%clk 1:35:00]} Bxd5
{[%clk 1:18:14]} 14. exd5 {[%clk 1:35:04]} Kc7 {[%clk 1:18:38]} 15. O-O-O
{[%clk 1:31:40]} Ne4 {[%clk 1:17:52]} 16. Be3 {[%clk 1:29:11]} Ng3
{[%clk 1:17:29]} 17. Rg1 {[%clk 1:29:01]} f5 {[%clk 1:14:07]} 18. Bd3
{[%clk 1:11:32]} Bd6 {[%clk 1:11:37]} 19. Bf2 {[%clk 1:07:08]} e4
{[%clk 1:12:00]} 20. Bxg3 {[%clk 1:06:41]} Bxg3 {[%clk 1:12:22]} 21. Be2
{[%clk 1:07:03]} Kd6 {[%clk 1:10:38]} 22. Rgf1 {[%clk 1:02:23]} g6
{[%clk 1:11:03]} 23. Rd4 {[%clk 0:59:50]} a5 {[%clk 1:07:26]} 24. Rc4
{[%clk 0:56:05]} Rhc8 {[%clk 0:49:05]} 25. Nxa5 {[%clk 0:53:07]} Nc5
{[%clk 0:47:29]} 26. Nc6 {[%clk 0:46:51]} Rxa4 {[%clk 0:47:29]} 27. Rxb4
{[%clk 0:43:35]} Ra1+ {[%clk 0:46:29]} 28. Kd2 {[%clk 0:43:58]} Be1+
{[%clk 0:40:16]} 29. Ke3 {[%clk 0:36:06]} Rca8 {[%clk 0:35:52]} 30. Rd4
{[%clk 0:29:17]} Bg3 {[%clk 0:35:43]} 31. Bd1 {[%clk 0:27:11]} R1a2
{[%clk 0:34:40]} 32. Rb4 {[%clk 0:24:56]} Kxd5 {[%clk 0:31:48]} 33. Rb6
{[%clk 0:20:54]} Na4 {[%clk 0:28:17]} 34. Ne7+ {[%clk 0:16:35]} Ke5
{[%clk 0:28:26]} 35. Rb5+ {[%clk 0:16:04]} Kd6 {[%clk 0:27:58]} 36. Nxf5+
{[%clk 0:15:23]} gxf5 {[%clk 0:28:23]} 37. Rbxf5 {[%clk 0:15:39]} Nxb2
{[%clk 0:26:12]} 38. Be2 {[%clk 0:09:25]} R8a4 {[%clk 0:24:09]} 39. Rb5
{[%clk 0:06:50]} R2a3+ {[%clk 0:19:36]} 40. Rb3 {[%clk 0:37:12]} Ke5
{[%clk 0:48:18]} 41. Rf7 {[%clk 0:17:26]} Rxb3+ {[%clk 0:48:18]} 42. cxb3
{[%clk 0:17:54]} Rb4 {[%clk 0:48:36]} 43. Re7+ {[%clk 0:16:57]} Kd5
{[%clk 0:49:02]} 44. Ba6 {[%clk 0:14:38]} Rxb3+ {[%clk 0:48:51]} 45. Ke2
{[%clk 0:13:35]} Na4 {[%clk 0:47:12]} 46. Bb7+ {[%clk 0:10:36]} Kd6
{[%clk 0:47:16]} 47. Rxh7 {[%clk 0:10:53]} Nc5 {[%clk 0:46:15]} 48. Ba8
{[%clk 0:09:51]} Bf4 {[%clk 0:45:41]} 49. Rh5 {[%clk 0:09:30]} Rb2+
{[%clk 0:45:02]} 50. Kf1 {[%clk 0:09:26]} Rd2 {[%clk 0:43:47]} 51. Rf5
{[%clk 0:07:41]} Be5 {[%clk 0:43:05]} 52. Rg5 {[%clk 0:07:18]} Bd4
{[%clk 0:41:21]} 53. Rg4 {[%clk 0:06:44]} Rf2+ {[%clk 0:41:01]} 54. Ke1
{[%clk 0:06:03]} Nd3+ {[%clk 0:41:18]} 55. Kd1 {[%clk 0:06:30]} Be3
{[%clk 0:41:41]} 56. Rg6+ {[%clk 0:06:49]} Ke5 {[%clk 0:42:04]} 0-1

[Event "IMP Mezczyzn do lat 20"]
[Site "Chotowa"]
[Date "2023.10.31"]
[Round "8.2"]
[White "Niedbala, Bartlomiej"]
[Black "Kacprzak, Kacper"]
[Result "1/2-1/2"]
[BlackElo "2250"]
[WhiteElo "2400"]
[LiveChessVersion "1.4.8"]

1. e4 {[%clk 1:30:57]} e5 {[%clk 1:30:56]} 2. Nf3 {[%clk 1:31:22]} Nf6
{[%clk 1:31:22]} 3. Nxe5 {[%clk 1:30:21]} d6 {[%clk 1:31:48]} 4. Nf3
{[%clk 1:30:42]} Nxe4 {[%clk 1:32:14]} 5. d4 {[%clk 1:31:04]} d5 {[%clk 1:32:35]}
6. Bd3 {[%clk 1:31:29]} Nc6 {[%clk 1:32:48]} 7. O-O {[%clk 1:26:11]} Be7
{[%clk 1:32:47]} 8. Nbd2 {[%clk 1:22:16]} Nxd2 {[%clk 1:33:09]} 9. Bxd2
{[%clk 1:22:42]} Bg4 {[%clk 1:33:28]} 10. c3 {[%clk 1:22:49]} O-O
{[%clk 1:32:47]} 11. h3 {[%clk 1:23:12]} Bh5 {[%clk 1:32:10]} 12. g3
{[%clk 1:23:20]} Bg6 {[%clk 1:26:08]} 13. Bxg6 {[%clk 1:22:34]} fxg6
{[%clk 1:26:32]} 14. Kg2 {[%clk 1:21:29]} Qd7 {[%clk 1:23:42]} 15. Bf4
{[%clk 0:54:38]} Bd6 {[%clk 1:17:45]} 16. Bxd6 {[%clk 0:53:33]} Qxd6
{[%clk 1:16:20]} 17. Qd3 {[%clk 0:50:28]} a6 {[%clk 1:13:53]} 18. Rae1
{[%clk 0:47:39]} Rae8 {[%clk 1:14:13]} 19. Re3 {[%clk 0:47:44]} Rxe3
{[%clk 1:00:14]} 20. Qxe3 {[%clk 0:47:53]} Qe7 {[%clk 0:59:00]} 21. Qxe7
{[%clk 0:44:20]} Nxe7 {[%clk 0:59:25]} 22. Re1 {[%clk 0:42:01]} Nc6
{[%clk 0:52:48]} 23. Ng5 {[%clk 0:39:14]} Nd8 {[%clk 0:22:56]} 24. h4
{[%clk 0:23:12]} Nf7 {[%clk 0:14:25]} 25. Ne6 {[%clk 0:16:33]} Re8
{[%clk 0:14:43]} 26. Re3 {[%clk 0:16:59]} c6 {[%clk 0:14:01]} 27. Nc5
{[%clk 0:16:53]} Rxe3 {[%clk 0:14:13]} 28. fxe3 {[%clk 0:17:20]} Nd6
{[%clk 0:14:37]} 29. Kf3 {[%clk 0:16:49]} Kf7 {[%clk 0:08:42]} 30. Kf4
{[%clk 0:15:14]} Ke7 {[%clk 0:07:55]} 31. a4 {[%clk 0:08:25]} a5 {[%clk 0:07:26]}
32. b4 {[%clk 0:04:00]} b6 {[%clk 0:06:50]} 33. Nb3 {[%clk 0:04:10]} Nc4
{[%clk 0:05:40]} 34. e4 {[%clk 0:04:27]} dxe4 {[%clk 0:05:22]} 35. Kxe4
{[%clk 0:04:46]} Nb2 {[%clk 0:03:08]} 36. bxa5 {[%clk 0:04:24]} Nxa4
{[%clk 0:03:36]} 37. c4 {[%clk 0:02:38]} bxa5 {[%clk 0:04:00]} 38. Nxa5
{[%clk 0:02:54]} Kd7 {[%clk 0:03:29]} 39. Ke5 {[%clk 0:02:08]} Nb6
{[%clk 0:03:11]} 40. g4 {[%clk 0:31:42]} Nc8 {[%clk 0:31:26]} 41. c5
{[%clk 0:14:54]} h5 {[%clk 0:22:44]} 42. gxh5 {[%clk 0:10:34]} gxh5
{[%clk 0:23:10]} 43. Nc4 {[%clk 0:05:00]} Ne7 {[%clk 0:17:12]} 44. Ke4
{[%clk 0:04:56]} Ke6 {[%clk 0:15:36]} 45. Ne5 {[%clk 0:03:27]} Kf6
{[%clk 0:14:19]} 46. Nd7+ {[%clk 0:02:41]} Ke6 {[%clk 0:14:16]} 47. Ne5
{[%clk 0:02:55]} Kf6 {[%clk 0:14:41]} 48. Nd7+ {[%clk 0:01:56]} 1/2-1/2

[Event "IMP Mezczyzn do lat 20"]
[Site "Chotowa"]
[Date "2023.10.31"]
[Round "8.3"]
[White "Sowinski, Pawel"]
[Black "Koziorowicz, Michal"]
[Result "0-1"]
[BlackElo "2288"]
[WhiteElo "2322"]
[LiveChessVersion "1.4.8"]

1. d4 {[%clk 1:30:51]} e6 {[%clk 1:30:33]} 2. c4 {[%clk 1:31:15]} Nf6
{[%clk 1:30:40]} 3. Nf3 {[%clk 1:31:36]} c5 {[%clk 1:30:49]} 4. d5
{[%clk 1:32:03]} b5 {[%clk 1:31:02]} 5. Bg5 {[%clk 1:32:27]} exd5
{[%clk 1:30:12]} 6. cxd5 {[%clk 1:31:58]} c4 {[%clk 1:29:08]} 7. Qc2
{[%clk 1:28:38]} Bb4+ {[%clk 1:25:11]} 8. Nc3 {[%clk 1:28:04]} h6
{[%clk 1:16:56]} 9. Bxf6 {[%clk 1:28:29]} Qxf6 {[%clk 1:17:19]} 10. O-O-O
{[%clk 1:28:57]} a6 {[%clk 1:06:19]} 11. Qe4+ {[%clk 0:48:32]} Kd8
{[%clk 0:58:37]} 12. Qd4 {[%clk 0:44:46]} Qxd4 {[%clk 0:57:41]} 13. Nxd4
{[%clk 0:44:30]} d6 {[%clk 0:55:54]} 14. e4 {[%clk 0:43:45]} Re8 {[%clk 0:53:07]}
15. f3 {[%clk 0:44:10]} Kc7 {[%clk 0:52:12]} 16. a4 {[%clk 0:40:58]} Kb6
{[%clk 0:48:08]} 17. axb5 {[%clk 0:30:52]} Bxc3 {[%clk 0:46:34]} 18. bxc3
{[%clk 0:31:20]} axb5 {[%clk 0:46:58]} 19. Kb2 {[%clk 0:26:58]} Na6
{[%clk 0:39:39]} 20. Ra1 {[%clk 0:19:23]} Bd7 {[%clk 0:39:55]} 21. g4
{[%clk 0:15:04]} Nc5 {[%clk 0:32:05]} 22. Be2 {[%clk 0:15:24]} Na4+
{[%clk 0:32:19]} 23. Kc2 {[%clk 0:15:23]} Kc5 {[%clk 0:32:22]} 24. Rab1
{[%clk 0:07:50]} Reb8 {[%clk 0:30:48]} 25. Nf5 {[%clk 0:06:18]} Bxf5
{[%clk 0:30:19]} 26. gxf5 {[%clk 0:06:46]} f6 {[%clk 0:29:20]} 27. Rhg1
{[%clk 0:06:02]} Rb7 {[%clk 0:29:23]} 28. f4 {[%clk 0:05:23]} Re7
{[%clk 0:29:05]} 29. Bd1 {[%clk 0:04:08]} Rxe4 {[%clk 0:25:32]} 30. Rxg7
{[%clk 0:04:37]} Rxf4 {[%clk 0:25:43]} 31. Kd2 {[%clk 0:01:19]} Rxf5
{[%clk 0:23:00]} 32. Rc7+ {[%clk 0:01:00]} Kxd5 {[%clk 0:22:59]} 33. Bg4
{[%clk 0:00:48]} Rf4 {[%clk 0:20:42]} 34. Bd7 {[%clk 0:00:35]} Ra6
{[%clk 0:17:10]} 35. Bxb5 {[%clk 0:00:40]} Rb6 {[%clk 0:17:27]} 36. Rb4
{[%clk 0:01:07]} Nc5 {[%clk 0:16:33]} 37. Ke3 {[%clk 0:00:48]} Rxb5
{[%clk 0:16:03]} 38. Rxb5 {[%clk 0:01:04]} Rh4 {[%clk 0:16:28]} 39. Rf7
{[%clk 0:00:39]} Rh3+ {[%clk 0:16:08]} 40. Kf4 {[%clk 0:30:35]} Ke6
{[%clk 0:42:45]} 41. Rh7 {[%clk 0:21:23]} f5 {[%clk 0:40:10]} 42. Rxc5
{[%clk 0:21:41]} dxc5 {[%clk 0:40:36]} 43. Rh8 {[%clk 0:19:56]} Rxh2
{[%clk 0:40:07]} 44. Rc8 {[%clk 0:19:36]} Kd5 {[%clk 0:34:56]} 45. Rd8+
{[%clk 0:19:41]} Kc6 {[%clk 0:35:17]} 46. Kxf5 {[%clk 0:19:55]} Rh3
{[%clk 0:34:02]} 47. Rc8+ {[%clk 0:19:31]} Kb5 {[%clk 0:32:30]} 48. Ke4
{[%clk 0:19:09]} Rd3 {[%clk 0:31:47]} 49. Rh8 {[%clk 0:17:44]} h5
{[%clk 0:30:41]} 50. Rxh5 {[%clk 0:17:52]} Rxc3 {[%clk 0:30:30]} 51. Rh8
{[%clk 0:17:41]} Rd3 {[%clk 0:30:56]} 52. Rb8+ {[%clk 0:18:04]} Ka4
{[%clk 0:31:21]} 53. Rb7 {[%clk 0:18:32]} Rd8 {[%clk 0:31:02]} 54. Rc7
{[%clk 0:18:51]} Kb4 {[%clk 0:30:50]} 55. Rb7+ {[%clk 0:19:14]} Kc3
{[%clk 0:30:34]} 0-1

[Event "IMP Mezczyzn do lat 20"]
[Site "Chotowa"]
[Date "2023.10.31"]
[Round "8.4"]
[White "Kacprzak, Karol"]
[Black "Krawczyk, Flawian"]
[Result "1/2-1/2"]
[BlackElo "2288"]
[WhiteElo "2317"]
[LiveChessVersion "1.4.8"]

1. e4 {[%clk 1:30:58]} c6 {[%clk 1:30:57]} 2. Nf3 {[%clk 1:31:15]} d5
{[%clk 1:31:23]} 3. Nc3 {[%clk 1:31:36]} dxe4 {[%clk 1:31:51]} 4. Nxe4
{[%clk 1:31:58]} Nf6 {[%clk 1:32:19]} 5. Qe2 {[%clk 1:32:14]} Na6
{[%clk 1:32:46]} 6. Nxf6+ {[%clk 1:23:02]} gxf6 {[%clk 1:33:03]} 7. d4
{[%clk 1:23:28]} h5 {[%clk 1:33:29]} 8. Bd2 {[%clk 1:16:29]} h4 {[%clk 1:29:38]}
9. h3 {[%clk 1:11:37]} Bf5 {[%clk 1:27:56]} 10. O-O-O {[%clk 1:08:57]} e6
{[%clk 1:26:20]} 11. Qe3 {[%clk 1:02:39]} Qd5 {[%clk 1:23:49]} 12. Kb1
{[%clk 0:59:08]} Nc7 {[%clk 1:06:41]} 13. Bd3 {[%clk 0:52:50]} O-O-O
{[%clk 1:01:56]} 14. Bxf5 {[%clk 0:40:07]} Qxf5 {[%clk 1:01:48]} 15. Qe2
{[%clk 0:39:05]} Rd5 {[%clk 0:55:25]} 16. Be3 {[%clk 0:33:30]} Rb5
{[%clk 0:52:44]} 17. Qd3 {[%clk 0:30:20]} Qxd3 {[%clk 0:47:48]} 18. Rxd3
{[%clk 0:30:48]} Rbh5 {[%clk 0:47:58]} 19. c4 {[%clk 0:24:57]} Rg8
{[%clk 0:48:01]} 20. Rg1 {[%clk 0:24:57]} Bh6 {[%clk 0:38:15]} 21. Bxh6
{[%clk 0:14:26]} Rxh6 {[%clk 0:38:41]} 22. Re3 {[%clk 0:14:51]} Rh5
{[%clk 0:33:42]} 23. Re4 {[%clk 0:10:06]} Rf5 {[%clk 0:33:55]} 24. Rc1 Ne8
{[%clk 0:32:42]} 25. c5 {[%clk 0:05:42]} Kd7 {[%clk 0:32:14]} 26. Rh1
{[%clk 0:04:58]} Nc7 {[%clk 0:28:57]} 27. Rg4 {[%clk 0:03:07]} Rh8
{[%clk 0:28:49]} 28. Re1 {[%clk 0:02:46]} Rfh5 {[%clk 0:28:23]} 29. Nd2
{[%clk 0:01:35]} Nd5 {[%clk 0:26:40]} 30. Nc4 {[%clk 0:01:10]} f5
{[%clk 0:25:50]} 31. Rg7 {[%clk 0:01:15]} R5h7 {[%clk 0:26:00]} 32. Rxh7
{[%clk 0:00:54]} Rxh7 {[%clk 0:26:28]} 33. Ne5+ {[%clk 0:01:00]} Ke7
{[%clk 0:26:26]} 34. Nd3 {[%clk 0:01:29]} Rg7 {[%clk 0:26:23]} 35. Rg1
{[%clk 0:01:58]} f4 {[%clk 0:23:31]} 36. Ne1 {[%clk 0:01:03]} Nf6
{[%clk 0:20:58]} 37. Nf3 {[%clk 0:00:36]} Ne4 {[%clk 0:21:05]} 38. Nxh4
{[%clk 0:00:49]} Nxf2 {[%clk 0:21:06]} 39. Rf1 {[%clk 0:00:53]} Nd3
{[%clk 0:21:32]} 40. Rf3 {[%clk 0:30:34]} Ne1 {[%clk 0:51:24]} 41. Rf2
{[%clk 0:24:00]} Rg3 {[%clk 0:35:44]} 42. b3 {[%clk 0:18:15]} Kf6
{[%clk 0:24:23]} 43. Rxf4+ {[%clk 0:15:54]} Kg5 {[%clk 0:24:40]} 44. Rxf7
{[%clk 0:15:53]} Kxh4 {[%clk 0:25:06]} 45. Rxb7 {[%clk 0:15:52]} Rxg2
{[%clk 0:24:48]} 46. Rxa7 {[%clk 0:11:36]} Nf3 {[%clk 0:16:04]} 47. Rh7+
{[%clk 0:06:47]} Kg3 {[%clk 0:16:30]} 48. Rg7+ {[%clk 0:07:12]} Kxh3
{[%clk 0:16:58]} 49. Rxg2 {[%clk 0:07:35]} Kxg2 {[%clk 0:17:25]} 50. Kc2
{[%clk 0:07:54]} Nxd4+ {[%clk 0:17:52]} 51. Kd3 {[%clk 0:08:16]} Nb5
{[%clk 0:17:53]} 52. a4 {[%clk 0:07:05]} Nc7 {[%clk 0:18:20]} 53. Ke4
{[%clk 0:05:32]} Na6 {[%clk 0:18:31]} 1/2-1/2

[Event "IMP Mezczyzn do lat 20"]
[Site "Chotowa"]
[Date "2023.10.31"]
[Round "8.5"]
[White "Fiedorek, Michal"]
[Black "Rog, Bartlomiej"]
[Result "0-1"]
[BlackElo "2168"]
[WhiteElo "2334"]
[LiveChessVersion "1.4.8"]

1. e4 {[%clk 1:30:48]} e5 {[%clk 1:30:53]} 2. Nf3 {[%clk 1:31:12]} Nc6
{[%clk 1:31:14]} 3. Bb5 {[%clk 1:31:18]} f5 {[%clk 1:30:55]} 4. d3
{[%clk 1:30:55]} fxe4 {[%clk 1:31:13]} 5. dxe4 {[%clk 1:31:21]} Nf6
{[%clk 1:31:36]} 6. O-O {[%clk 1:30:03]} d6 {[%clk 1:31:59]} 7. Qe2
{[%clk 1:24:51]} Bg4 {[%clk 1:27:05]} 8. h3 {[%clk 1:19:04]} Bh5 {[%clk 1:21:41]}
9. Rd1 {[%clk 1:12:35]} Qd7 {[%clk 1:20:55]} 10. Qe3 {[%clk 1:06:18]} Bxf3
{[%clk 1:18:00]} 11. Qxf3 {[%clk 1:06:37]} a6 {[%clk 1:18:16]} 12. Bf1
{[%clk 0:55:47]} Be7 {[%clk 1:13:57]} 13. c3 {[%clk 0:55:04]} O-O
{[%clk 1:14:09]} 14. Nd2 {[%clk 0:51:14]} Qe8 {[%clk 1:04:19]} 15. Nc4
{[%clk 0:44:19]} Qg6 {[%clk 1:01:23]} 16. Bd3 {[%clk 0:43:34]} Kh8
{[%clk 1:00:09]} 17. Be3 {[%clk 0:40:20]} Nd8 {[%clk 0:58:29]} 18. Qe2
{[%clk 0:33:40]} Ne6 {[%clk 0:55:00]} 19. a4 {[%clk 0:26:43]} Nh5
{[%clk 0:38:26]} 20. Qg4 {[%clk 0:24:44]} Qf7 {[%clk 0:34:42]} 21. Na5
{[%clk 0:21:00]} Nhf4 {[%clk 0:32:58]} 22. Bc4 {[%clk 0:13:52]} h5
{[%clk 0:31:58]} 23. Bxe6 {[%clk 0:13:32]} Nxe6 {[%clk 0:27:13]} 24. Qe2
{[%clk 0:13:40]} Rab8 {[%clk 0:26:15]} 25. b4 {[%clk 0:12:38]} Qg6
{[%clk 0:23:43]} 26. Rd3 {[%clk 0:07:50]} Bg5 {[%clk 0:19:49]} 27. Bxg5
{[%clk 0:05:56]} Qxg5 {[%clk 0:20:10]} 28. Rg3 {[%clk 0:05:35]} Qh6
{[%clk 0:20:16]} 29. Qe3 {[%clk 0:04:26]} Nf4 {[%clk 0:20:39]} 30. Nc4
{[%clk 0:02:19]} Qe6 {[%clk 0:20:21]} 31. Nd2 {[%clk 0:02:08]} Rf6
{[%clk 0:19:29]} 32. Kh2 {[%clk 0:00:40]} Rbf8 {[%clk 0:18:44]} 33. Nf3
{[%clk 0:01:02]} Qc4 {[%clk 0:18:59]} 34. Re1 {[%clk 0:00:43]} a5
{[%clk 0:15:16]} 35. Qd2 {[%clk 0:00:35]} Qb3 {[%clk 0:14:00]} 36. Rg5
{[%clk 0:00:35]} axb4 {[%clk 0:14:07]} 37. cxb4 {[%clk 0:00:58]} Nxg2
{[%clk 0:13:42]} 38. Rxg2 {[%clk 0:00:35]} Rxf3 {[%clk 0:13:34]} 39. Qg5
{[%clk 0:00:58]} Rxh3+ {[%clk 0:13:34]} 40. Kg1 {[%clk 0:31:24]} Qf7
{[%clk 0:42:58]} 41. Rc1 {[%clk 0:31:31]} Kh7 {[%clk 0:37:48]} 42. b5
{[%clk 0:31:49]} Ra3 {[%clk 0:36:52]} 43. Rh2 {[%clk 0:32:08]} g6
{[%clk 0:37:17]} 44. Rg2 {[%clk 0:32:25]} Rg8 {[%clk 0:37:11]} 45. f4
{[%clk 0:32:37]} exf4 {[%clk 0:37:11]} 46. e5 {[%clk 0:32:26]} dxe5
{[%clk 0:36:55]} 47. Qxe5 {[%clk 0:32:24]} Rg7 {[%clk 0:37:11]} 48. Rgc2
{[%clk 0:32:32]} Rg3+ {[%clk 0:36:48]} 49. Kf2 {[%clk 0:31:44]} Re3
{[%clk 0:35:15]} 50. Qd4 {[%clk 0:31:58]} Re7 {[%clk 0:35:03]} 51. a5
{[%clk 0:32:11]} Qe6 {[%clk 0:34:52]} 52. Qd3 {[%clk 0:32:17]} Qg4
{[%clk 0:33:48]} 0-1